000 00602nam a2200229Ia 4500
003 OSt
005 20221007071208.0
006 a|||||r|||| 00| 0
007 ta
008 221006b |||||||| |||| 00| 0 eng d
024 _a11,099
037 _cTextual
040 _aFLL
_cFLL
_beng
041 _2eng
_aeng
082 _aV1:19(ZT)g, K9
100 _aLipsky M. Au.
_9688288
245 0 _aTime for hysteria
260 _aLondon
_bA.S. barnes and company London
_c1969
300 _a293p
_ccm.
942 _hV1:19(ZT)g, K9
_cTEXL
_2CC
999 _c1142718
_d1142718